1720 1071 1199 1439 1418 1796 1450 1738 1881 1787 1571 1092 1291 1540 1389 1915 1832 1000 1519 1386 1431 1994 1815 1820 1382 1431 1232 1079 1709 1188 1909 1206 1089 1771 1646 1544 1338 1959 1269 1849 1385 1604 1804 1140 1302 1609 1432 1950 1021 1129 1878 1745 1211 1368 1481 1131 1497 1483 1418 1813 1953 1930 1237 1907 1600 1927 1710 1693 1375 1401 1278 1722 1267 1075 1829 1404 1309 1166 1213 1805 1109 1290 1403 1739 1043 1634 1672 1096 1561 1624 1058 1170 1361 1913 1410 1388 1449 1338 1661 BCNSPRNW ULIB Ver.6.0+V

เปลี่ยนเป็นภาษาไทย

Change to English
 แสดงรายละเอียดบรรณานุกรม
  กลับหน้าหลัก

Brief Record : Get Marc (ISO 2709) : E-mail record : QR code < ปิดหน้าต่าง
LEADER : 00000nam 2200000uu 4500
001    13399125162
003     ULIB
008    161025s2553||||th 000 0 tha d
020    ^a9789740321798
099    ^aวจ.QY25^bอ372ก
100 0  ^aนางสาวอรวรรณ์ คูหา,นางพงางาม พงศ์จตุรวิทย์,นางสาวอภิวรรณ ณัฐมนวรกุล
245 10 ^aการศึกษาและพัฒนารูปแบบการเข้าถึงระบบบริการสุขภาพของผู้สูงอายุในแต่ละสถานบริการภายใต้ปรัชญาเศรษฐกิจพอเพียง/^cนางสาวอรวรรณ์ คูหา,นางพงางาม พงศ์จตุรวิทย์,นางสาวอภิวรรณ ณัฐมนวรกุล
260    ^aกรุงเทพฯ :^bสถาบันเวชศาตร์สมเด็จพระสังฆราชญาณสังวรเพื่อผู้สูงอายุ ,^c2553
300    ^a149 หน้า
700 0  นางพงางาม พงศ์จตุรวิทย์
700 0  นางสาวอภิวรรณ ณัฐมนวรกุล
945    ^p0^l0^i001409
995    ณรีรัตน์
999 ^a ใช้งานได้ทุกระบบ
รายการนี้ยังไม่มีแท็ก
คุณยังไม่ได้ล็อกอิน คุณสามารถมีกิจกรรมร่วมกับเว็บไซต์ได้ แต่ต้องล็อกอินก่อน ::
  ล็อกอิน

รายการสื่อสารสนเทศ

ลำดับที่ ประเภท เลขเรียก/บาร์โค้ด สถานที่ สถานะ
1. งานวิจัย
งานวิจัย
วจ.QY25 อ372ก ฉ.1 
  Barcode: 001409
ห้องสมุดวิทยาเขตสวรรค์ประชารักษ์
►วิจัย
บนชั้น

BibComment


ยังไม่เคยถูกคอมเมนท์

คอมเมนท์ทรัพยากรรายการนี้
  คอมเมนท์: การศึกษาและพัฒนา..


 Copyright 2026. Bcnsprnw @Library